| 000 | 00447nam a22001577a 4500 | ||
|---|---|---|---|
| 005 | 20251108164646.0 | ||
| 008 | 250721s1998 xx 000 0 ara d | ||
| 082 | 1 | 4 | _aق/سدح |
| 100 | 1 | _aالسدحان، مصطفى | |
| 245 | 1 | 0 |
_aإمرأة من الرياض : _bقصص قصيرة / |
| 264 | 1 |
_aعمان : _bمؤسسة الوراق، _c1998. |
|
| 300 | _a91ص | ||
| 650 | 1 | 7 | _aالقصص العربية |
| 942 |
_2ddc _cBK |
||
| 999 |
_c11126 _d11126 |
||